One hundred years of psychiatry/ (Record no. 1380)

MARC details
000 -LEADER
fixed length control field 00511nam a2200181 a 4500
005 - DATE AND TIME OF LATEST TRANSACTION
control field 20260322212058.0
008 - FIXED-LENGTH DATA ELEMENTS--GENERAL INFORMATION
fixed length control field data
010 ## - LIBRARY OF CONGRESS CONTROL NUMBER
LC control number 61-15241
096 ## - LOCALLY ASSIGNED NLM-TYPE CALL NUMBER (OCLC)
Classification number WM 11 K856o 1962
001 - CONTROL NUMBER
control field data
100 1# - MAIN ENTRY--PERSONAL NAME
Personal name Kreapelin, Emil,
Dates associated with a name 1856-1926
245 10 - TITLE STATEMENT
Title One hundred years of psychiatry/
Statement of responsibility, etc. Emil Kreapelin.
250 ## - EDITION STATEMENT
Edition statement [1st paperbound ed. Tr. by Wade Baskins]
260 ## - PUBLICATION, DISTRIBUTION, ETC.
Place of publication, distribution, etc. New York
Name of publisher, distributor, etc. Citadel
Date of publication, distribution, etc. c1962
300 ## - PHYSICAL DESCRIPTION
Extent 163 p. ;
Dimensions illus.
500 ## - GENERAL NOTE
General note Translation of Hundert Jahre Psychiatrie.
650 02 - SUBJECT ADDED ENTRY--TOPICAL TERM
Topical term or geographic name entry element Psychiatry
General subdivision history
Holdings
Withdrawn status Lost status Damaged status Not for loan Home library Current library Shelving location Date acquired Total checkouts Full call number Barcode Date last seen Price effective from Koha item type
        Centerville Centerville General stacks 22/03/2026   GEN BC0011426 22/03/2026 22/03/2026 Books